000 00495nam a2200145Ia 4500
008 100122s9999 xx 000 0 und d
082 _b49995
_a294.5921
100 _aदेशमुख श्रीकृष्ण
245 _aतैत्तिरीय उपनिषद
260 _bमोरया प्रकाशन
_c1994
300 _a111
630 _aतैत्तिरीय उपनिषद
730 _aतैत्तिरीय उपनिषद
942 _cBOOK
999 _c427802
_d427799